The Simpsons in Song Titles - Statistics

General Stats
  • This quiz has been taken 24 times
  • The average score is 10 of 15
Answer Stats
Artist Hint Answer % Correct
Bill Withers Ain't Moe Sunshine Ain't No Sunshine
100%
Berlin Snake My Breath Away Take My Breath Away
91%
Aretha Franklin A Natural Wiggum (You Make Me Feel Like) A Natural Woman (You Make Me Feel Like)
86%
Queen Crazy Little Thing Called Lisa Crazy Little Thing Called Love
86%
Bob Dylan Knockin' on Hibbert's Door Knockin' on Heaven's Door
86%
The Police Every Little Thing She Does is Maggie Every Little Thing She Does is Magic
82%
Elton John Lenny and the Jets Bennie and the Jets
77%
Simon & Garfunkel Homer Bound Homeward Bound
77%
The Mamas & the Papas Dream a Little Dream of Marge Dream a little Dream of Me
73%
Metallica Enter Moleman Enter Sandman
73%
Elton John Saturday Night's Alright for Flanders Saturday Night's Alright for Fighting
68%
Iron Maiden The Number of the Bart The Number of the Beast
59%
Manfred Mann Quimby Eskimo (Mighty Quimby) Quinn the Eskimo (Mighty Quinn)
32%
Deep Purple When Otto Mann cries When a Blind Man Cries
14%
Elvis Presley Milhouse Blues Boogie Milkcow Blues Boogie
9%
No matching quizzes found
Score Distribution
Percent of People with Each Score
Percentile by Number Answered
Your Score History
You have not taken this quiz